000 00533nam a22001817a 4500
005 20251108173114.0
008 250721s2004 xx 000 0 ara d
082 1 4 _a615.882/عار
100 1 _aعارف، أبو الفداء محمد
245 1 0 _aقرة العيون في التداوي بالليمون /
264 1 _aالقاهرة :
_bدار الفضيلة،
_c2004.
300 _a48ص
650 1 7 _aالطب الشعبي
650 1 7 _aالأمراض
650 1 7 _aالليمون
942 _2ddc
_cBK
999 _c96180
_d96180